Πλήρες εγχειρίδιο του Linux
Αποθηκεύτηκε σε:
| Κύριος συγγραφέας: | |
|---|---|
| Άλλοι συγγραφείς: | |
| Μορφή: | Βιβλίο |
| Γλώσσα: | Greek |
| Δημοσίευση: |
Αθήνα :
Μόσχος Γκιούρδας,
2000
|
| Θέματα: | |
| Ετικέτες: |
Προσθήκη ετικέτας
Δεν υπάρχουν, Καταχωρήστε ετικέτα πρώτοι!
|
MARC
| LEADER | 00000nam a2200000 i 4500 | ||
|---|---|---|---|
| 001 | 1/46379 | ||
| 008 | 040112s2000 gre d | ||
| 020 | |a 960-512-199-9 | ||
| 035 | |l 10071888 | ||
| 040 | |a GR-MY-UA |b gre |e aacr | ||
| 041 | 0 | |a gre | |
| 082 | 0 | |a 005.4469 | |
| 100 | 1 | |a Danesh, Arman. | |
| 245 | 1 | 0 | |a Πλήρες εγχειρίδιο του Linux / |c Arman Danesh ; απόδοση Γιάννης Β. Σαμαράς |
| 260 | |a Αθήνα : |b Μόσχος Γκιούρδας, |c 2000 | ||
| 300 | |a 1163 σ. |e 2 cdrom | ||
| 630 | 0 | 0 | |a Linux. |
| 650 | 0 | 0 | |a Operating systems (Computers) |
| 700 | 1 | |4 trl |a Σαμαράς, Γιάννης Β. | |
| 852 | |a INST |b RHODES |e 20040112 |h 005.4469 DAN |p 005400019828 |q 005400019828 |t BK |y 0 | ||
| 852 | |a INST |b RHODES |e 20040123 |h 005.4469 DAN |p 005400018677 |q 005400018677 |t BK |y 0 | ||
| 852 | |a INST |b RHODES |e 20040123 |h 005.4469 DAN |p 005400018678 |q 005400018678 |t BK |y 0 | ||
| 901 | |a BIBL4-2004-1 | ||
| 909 | |a Ρ |b 106971 | ||
| 909 | |a Ρ |b 106972 | ||
| 909 | |a Ρ |b 106973 | ||
| 922 | |a 4ΕΛΗ |b 200310 |c ΕΠΕΑΕΚ2/ΤΜΣ |d ΜΙΧΑΛΟΠΟΥΛΟΣ | ||
| 950 | |a 124-2003-10-08 | ||
| 970 | |a ΚΟΥΛΑΚΙΟΤΗ |b ΛΙΤΣΑ |z 2004/01/23 | ||